000 00366nam a2200157Ia 4500
008 230524s9999 xx 000 0 und d
082 _a519.24
_bBHA
100 _aB.R.Bhat
245 0 _aModern Probability Theory
250 _a3RD
260 _aNEW DELHI
_bNAI
_c2001
300 _aXV;324
500 _aQuantity Number: 2
650 _aMathematics
942 _cBK
999 _c32988
_d32988